Statistics for States and territories of Malaysia

Click here to take the quiz!

General Stats

  • This quiz has been taken 628 times
  • The average score is 12 of 16

Answer Stats

Answer% Correct
Kuala Lumpur
91%
Sarawak
87%
Johor
86%
Sabah
86%
Penang
84%
Melaka
76%
Selangor
76%
Kedah
73%
Terengganu
72%
Perak
71%
Perlis
71%
Kelantan
70%
Pahang
70%
Negeri Sembilan
68%
Labuan
61%
Putrajaya
61%

Score Distribution

Percentile by Number Answered

Percent of People with Each Score

Your Score History

You have not taken this quiz